|
|
|
|
| LEADER |
00000cam a2200000 7i4500 |
| 001 |
0000019727 |
| 002 |
000021431 |
| 005 |
20000330.0 |
| 020 |
|
|
|a 9830231860
|
| 090 |
0 |
0 |
|a J 790.09595
|b SIT
|
| 100 |
0 |
|
|a Siti Nurfadila Husin
|
| 245 |
1 |
0 |
|a Lata Kekabu
|c Siti Nurfadila Husin
|
| 260 |
|
|
|a Kuala Lumpur :
|b Pustaka Cita Tinggi ,
|c 1997
|
| 300 |
|
|
|a 36 p. :
|b ill ;
|c 28 cm.
|
| 490 |
0 |
|
|a Siri ekspedisi
|
| 650 |
0 |
0 |
|a Lata Kekabu
|x Description and travel
|
| 999 |
|
|
|a 00061953
|b BUKU
|c PINJAMAN
|e PERPUSTAKAAN KOMUNITI PETALING JAYA
|
| 999 |
|
|
|a 00061954
|b BUKU
|c PINJAMAN
|e PERPUSTAKAAN KOMUNITI PETALING JAYA
|
| 999 |
|
|
|a 00061955
|b BUKU
|c PINJAMAN
|e PERPUSTAKAAN KOMUNITI CAW KOTA DAMANSARA
|